00313nam a2200109Ia 4500008004100000082001300041082000800054245009800062245001700160260001700177300000900194231017s9999 xx 000 0 und d a388.4068 bFIN 0a"Advances in Computational Intelligence in Transport, Logistics, and Supply Chain Management" 0cAndreas Fink bAndreas Fink c30cm